000 00276nam a2200121 i 4500
001 bg
245 0 _aXVI Międzyuczelniana Konferencja metrologów.
260 _aLublin,
_c1983.
040 _cBPK
041 _apol
942 _cKS
008 s pl f |000 0 pol
999 _c28019
_d28019
856 _uhttp://koha.tu.koszalin.pl/cgi-bin/koha/opac-detail.pl?biblionumber=28019
_yKatalog online BPK